000 00835nam a2200253Ia 4500
003 OSt
005 20221005113334.0
006 a|||||r|||| 00| 0
007 ta
008 221004b |||||||| |||| 00| 0 pan d
020 _c150
024 _a5589
037 _b701, 13/06/2013, H.K. Prakashan
_cTextual
040 _aCRL
_cCRL
_bpan
041 _2pan
_apan
082 _aO153,3:g(S), P4
100 _aਸਿੰਘ, ਸੁਖਜਿੰਦਰ
245 0 _aਮਨੋਵਿਗਿਆਨ ਅਤੇ ਪੰਜਾਬੀ ਨਾਵਲ
260 _aਪਟਿਆਲਾ
_bਭਾਰਤ
_c2004
300 _a59ਪੰ
_ccm.
650 _aਪੰਜਾਬੀ ਸਾਹਿਤ
942 _hO153,3:g(S), P4
_cTEXL
_2cc
999 _c1027850
_d1027850